| 000 | 01051nam0a22003011 4500 | ||
|---|---|---|---|
| 001 | rc\2363142 | ||
| 005 | 20250623052826.0 | ||
| 035 | _a(NLR Aleph) 006596296 | ||
| 090 |
_a7200025 _c7200025 |
||
| 100 | _a20110829d1977 |||y0rusy50 ca | ||
| 101 | 0 | _arus | |
| 102 | _aRU | ||
| 105 | _aa z ||||| | ||
| 200 | 1 |
_aМорфологический анализ систем _eПостроение морфол. табл. |
|
| 210 |
_aКиев _cНаук. думка _d1977 |
||
| 215 |
_a148 с. _cсхем. _d21 |
||
| 300 | _aВ надзаг.: АН УССР, Ин-т кибернетики | ||
| 316 |
_aЭкз. РНБ (82-9/74): Скопировано на множит. аппарате ГПБ _5NLR |
||
| 320 | _aБиблиогр.: с. 138-145 | ||
| 700 | 1 |
_aОдрин _bВ.М. _gВадим Миныч |
|
| 701 | 1 |
_aКартавов _bС.С. _gСергей Сергеевич |
|
| 801 | 0 |
_aRU _bNLR _gpsbo |
|
| 801 | 1 |
_aRU _bELAR _2rusmarc |
|
| 852 |
_aNLR _j82-9/74 |
||
| 899 |
_aRuMoRGB _jФ 1-80/2493 |
||
| 942 | _cBOOK | ||
| 980 | _aNB | ||